000 00530nam a2200193Ia 4500
005 20250508151812.0
008 008 250505s9999 xx 000 0 eng d
037 _aBooks to be hide in OPAC
040 _aFEDL
_beng
_cFEDL
041 _aeng
_2eng
084 _a428.6, MOR/O
_qFEDL
100 _aMorris I
245 0 _aEnglish by stages
245 0 _cReading II
260 _aLondon, UK
_bThe Macmillan and Company Limited
_c1954
300 _a110p.
942 _cHB
_h428.6, MOR/O
999 _c1332216
_d1332216